000 01030naa a22003137a 4500
001 BR4900028
003 BR-BrBNA
005 20240918172823.0
007 ta
008 230509b bl.||||| |||| 00| 0 por d
040 _aBR-BrBNA
_bpor
_cBiblioteca Nacional de Agricultura
041 _a(Pt)
072 _aS30; L74
090 _aS30 BR4900028
100 1 _aSiqueira, R. de
100 1 _aVogel, J.
245 1 _aAspectos semioticos das carencias vitaminicas no homem e nos animais domesticos
260 3 _aRio de Janeiro, GB (Brasil):
_c1949.
500 _aTrabalhos e pesquisas Rio de Janeiro, GB (Brasil): 1949. p. 107-254 (BR4900028-AM)S30
650 _aAlimentacao
650 _aDisturbio animal
650 _aNutricao humana
650 _aAnimal domestico
650 _aDeficiencia nutricional
650 _aDeficiencia vitaminica
773 0 _tTrabalhos e pesquisas : v. 2 /
_wS00 BR4900023
_gRio de Janeiro, GB (Brasil), 1949.
_q318 p.
909 _a202404
_bLucia
_c55
_dLucia Elande
942 _cAM
_2AGRIS
999 _c301584
_d301584